| 000 | 02992nam a2200445Ii 4500 | ||
|---|---|---|---|
| 001 | DIGCIDOB039 | ||
| 003 | NyNyDIG | ||
| 006 | m o d | ||
| 007 | cr ||||||||||| | ||
| 008 | 131201s2010 sp ab ob 100 0 spa d | ||
| 020 | _z9788492511181 | ||
| 020 | _z8492511184 | ||
| 035 | _a(OCoLC)888261962 | ||
| 040 |
_aDGITA _beng _epn _cDGITA |
||
| 043 |
_ae-sp--- _acl----- |
||
| 050 | 1 | 4 | _aDP53.L38 eBook |
| 245 | 0 | 0 |
_aInmigración latinoamericana en España _h[electronic resource] : _bel estado de la investigación / _cAnna Ayuso y Gemma Pinyol (eds.). |
| 264 | 1 |
_aBarcelona : _bFundació CIDOB : _bDistribuido por Edicions Bellaterra, S.L., _cc2010. |
|
| 300 |
_a1 online resource (330 pages) : _bill., maps. |
||
| 336 |
_atext _btxt _2rdacontent |
||
| 337 |
_acomputer _bc _2rdamedia |
||
| 338 |
_aonline resource _bcr _2rdacarrier |
||
| 490 | 1 | _aInterrogar la actualidad. Serie América Latina. | |
| 504 | _aIncludes bibliographical references. | ||
| 505 | 0 | _aDinámicas migratorias y relaciones internacionales. Determinantes de la emigración : el caso español / José Antonio Alonso -- Cambios y desafíos en la migración internacional : el ejemploy de Iberoamérica / Jorge Martínez Pizarro -- Políticas migratorias y relaciones bilaterales España-América Latina / Sandra Gil Araujo -- Latinoamericanos en España : de la integración al retorno / Laura Tedesco -- | |
| 505 | 0 | _aLa inmigración latinoamericana en España : perspectivas geográfica y sectorial. El caso de la migración ecuatoriana en España / Renzo Stroscio -- Argentinos en España / Walter Actis -- La cultura política de los jóvenes inmigrantes latinoamericanos en España : el desarrollo cívico como indicador de su integración política / Pablo Biderbost -- Evolución de las prácticas transnacionales en El Salvador durante el período 2000-2006 y su incidencia en la promoción del codesarrollo y reducción de la pobreza de las comunidades de origen / Maria Carballo de la Riva y Rhina Cabezas Valencia -- | |
| 505 | 0 | _aEl estado de la investigación. Es estado de la investigación sobre las migraciones latinamericanas a España : perspectivas sociales y política / Andrés Tornos -- Estado de la investigación sobre las migraciones colombianas a España / Rosa Aparicio Gómez -- Inmigración latinoamericana en España : el estado de la investigación / Marieke Göttsch. | |
| 651 | 0 |
_aSpain _xEmigration and immigration _vCongresses. |
|
| 651 | 0 |
_aLatin America _xEmigration and immigration _vCongresses. |
|
| 650 | 0 |
_aLatin Americans _zSpain _vCongresses. |
|
| 655 | 0 | _aElectronic books. | |
| 700 | 1 | _aAyuso, Anna. | |
| 700 | 1 | _aPinyol, Gemma. | |
| 791 | 2 |
_aDigitalia (Firm), _edistributor. |
|
| 830 | 0 |
_aInterrogar la actualidad. _pSerie América Latina. |
|
| 793 | 0 |
_gDigitalia eBook Collection: _aFundació CIDOB |
|
| 856 | 4 | 0 |
_3Digitalia Hispánica _uhttps://www.digitaliapublishing.com/a/19590/ |
| 910 | _aPremium Collection: 2007-2012 | ||
| 942 | _cRAA | ||
| 999 |
_c236528 _d236528 |
||